| Tag |
First Indicator |
Second Indicator |
Subfields |
| LEADER |
00000cam a2200000 4500 |
| 001 |
in00000453321 |
| 005 |
20151012092345.0 |
| 008 |
770425s1961 enk b 00000 eng d |
| 010 |
|
|
|a 62006252
|
| 035 |
|
|
|a (OCoLC)02916199
|
| 035 |
|
|
|9 ABY7007AM
|
| 040 |
|
|
|a JNA
|c JNA
|d TXA
|d UtOrBLW
|
| 049 |
|
|
|a TXAM
|c [1234555]
|
| 090 |
|
|
|a HM24
|b .R46
|
| 100 |
1 |
|
|a Rex, John.
|
| 245 |
1 |
0 |
|a Key problems of sociological theory /
|c by John Rex.
|
| 264 |
|
1 |
|a London :
|b Routldge & K. Paul,
|c [1961]
|
| 264 |
|
4 |
|c [©1961]
|
| 300 |
|
|
|a ix, 194 pages ;
|c 23 cm.
|
| 336 |
|
|
|a text
|b txt
|2 rdacontent
|
| 337 |
|
|
|a unmediated
|b n
|2 rdamedia
|
| 338 |
|
|
|a volume
|b nc
|2 rdacarrier
|
| 490 |
1 |
|
|a International library of sociology & social reconstruction
|
| 504 |
|
|
|a Includes bibliography.
|
| 650 |
|
0 |
|a Sociology.
|
| 830 |
|
0 |
|a International library of sociology and social reconstruction (Routledge & Kegan Paul)
|
| 999 |
|
|
|a MARS
|
| 999 |
f |
f |
|s 25121f22-f166-31b6-a06b-71c50e528ef5
|i 1bcbc433-493b-3e45-bfb7-4c2cede975ec
|t 0
|
| 952 |
f |
f |
|p ric
|a Texas A&M University
|b Rellis Campus
|c Joint Library Facility
|d Remote Storage
|t 0
|e HM24 .R46
|h Library of Congress classification
|i unmediated -- volume
|m A14802904964
|
| 998 |
f |
f |
|a HM24 .R46
|t 0
|l Remote Storage
|